[Event "International Championship of Central S"]
[Site "Paracin"]
[Date "2014.07.08"]
[Round "5.26"]
[White "Egorova, Tatyana"]
[Black "Nikolic, Vladimir"]
[Result "1/2-1/2"]
[WhiteElo "1793"]
[BlackElo "1980"]
[PlyCount "89"]
[EventDate "2014.07.04"]

1. d4 d5 2. Nf3 Nf6 3. b3 Nbd7 4. Bb2 g6 5. e3 Bg7 6. Be2 c6 7. O-O O-O 8. Nbd2
Ne4 9. c4 Nxd2 10. Nxd2 dxc4 11. Nxc4 Nb6 12. Qc2 h5 13. Rfd1 Qd5 14. e4 Qg5
15. Qd2 Qxd2 16. Rxd2 Rd8 17. Rad1 Bh6 18. Rd3 Be6 19. Ne5 Bg7 20. f4 Bxe5 21.
dxe5 Rxd3 22. Rxd3 Kf8 23. h3 Ke8 24. g4 hxg4 25. hxg4 Rd8 26. Rxd8+ Kxd8 27.
f5 gxf5 28. exf5 Bd5 29. Kf2 e6 30. f6 Be4 31. Ke3 Bg6 32. Kd4 Nd5 33. a3 b6
34. Bc1 c5+ 35. Kc4 Kc7 36. b4 cxb4 37. axb4 b5+ 38. Kc5 a6 39. Bd2 Nb6 40. Kd4
Nd7 41. Bd3 Bxd3 42. Kxd3 Nf8 43. Kd4 Kc6 44. Bc1 Ng6 45. Bd2 1/2-1/2

[Event "International Championship of Central S"]
[Site "Paracin"]
[Date "2014.07.08"]
[Round "5.27"]
[White "Kostic, Marko"]
[Black "Stojkovic, Zoran"]
[Result "1/2-1/2"]
[WhiteElo "1779"]
[BlackElo "1971"]
[PlyCount "140"]
[EventDate "2014.07.04"]

1. d4 d5 2. Bf4 Nf6 3. e3 e6 4. Nf3 Be7 5. Bd3 Nbd7 6. Nbd2 Nh5 7. Bg3 Nxg3 8.
hxg3 h6 9. e4 dxe4 10. Nxe4 b6 11. Qe2 Bb7 12. g4 Rc8 13. O-O-O Nf6 14. Ne5
Nxe4 15. Bxe4 Bxe4 16. Qxe4 Qd5 17. Qxd5 Bg5+ 18. Kb1 exd5 19. g3 g6 20. f4 Bf6
21. Rde1 Kf8 22. Nd7+ Kg7 23. Nxf6 Kxf6 24. Re5 c6 25. Rhe1 Rc7 26. c3 h5 27.
Rh1 Kg7 28. gxh5 f6 29. Re6 Rxh5 30. Rxh5 gxh5 31. f5 Kh6 32. Rxf6+ Kg5 33. Rf8
Rh7 34. f6 Kg6 35. Rc8 Kxf6 36. Rxc6+ Kf5 37. Kc2 Rg7 38. Rd6 Ke4 39. Rh6 Rg5
40. Rh7 Kf3 41. Rxa7 Kxg3 42. Rb7 Rg6 43. Rd7 h4 44. Rxd5 Kg4 45. Re5 h3 46.
Re1 Kf3 47. c4 Kg2 48. c5 bxc5 49. dxc5 Rf6 50. Re2+ Rf2 51. Rxf2+ Kxf2 52. c6
h2 53. c7 h1=Q 54. c8=Q Qe4+ 55. Kb3 Qe3+ 56. Qc3 Qb6+ 57. Kc2 Qg6+ 58. Qd3
Qc6+ 59. Kd1 Qh1+ 60. Kd2 Qh6+ 61. Kc3 Qc6+ 62. Qc4 Qf3+ 63. Kb4 Qb7+ 64. Ka3
Qa7+ 65. Qa4 Qc5+ 66. Qb4 Qa7+ 67. Kb3 Qe3+ 68. Qc3 Qb6+ 69. Kc2 Qg6+ 70. Qd3
Qc6+ 1/2-1/2

[Event "International Championship of Central S"]
[Site "Paracin"]
[Date "2014.07.08"]
[Round "5.28"]
[White "Jaklin, Damir"]
[Black "Miljkovic, Jovana"]
[Result "1/2-1/2"]
[WhiteElo "1962"]
[BlackElo "1674"]
[PlyCount "69"]
[EventDate "2014.07.04"]

1. d4 Nf6 2. Nf3 g6 3. Bf4 Bg7 4. e3 O-O 5. Nbd2 d5 6. Be2 Bg4 7. h3 Bxf3 8.
Bxf3 c6 9. O-O Nbd7 10. Re1 Qb6 11. Rb1 Rfe8 12. c3 e5 13. Bg3 e4 14. Be2 Nf8
15. c4 Ne6 16. c5 Qd8 17. b4 a6 18. a4 Nd7 19. Qc2 f5 20. Bd6 Qg5 21. g3 h5 22.
h4 Qh6 23. Kg2 g5 24. hxg5 Qxg5 25. Rh1 Nf6 26. Nf1 Bf8 27. Be5 Ng4 28. Bxg4
fxg4 29. Nd2 Re7 30. Nb3 Rh7 31. Rh2 Be7 32. Qd2 Bf6 33. Bd6 Be7 34. Be5 Bf6
35. Bd6 1/2-1/2

[Event "International Championship of Central S"]
[Site "Paracin"]
[Date "2014.07.08"]
[Round "5.29"]
[White "Mijajlovic, Milutin"]
[Black "Dragojevic, Dragan"]
[Result "1/2-1/2"]
[WhiteElo "1750"]
[BlackElo "1953"]
[PlyCount "87"]
[EventDate "2014.07.04"]

1. e4 e5 2. Nf3 Nc6 3. Bc4 Bc5 4. c3 Qe7 5. O-O Nf6 6. d3 d6 7. h3 h6 8. a4 a5
9. d4 Ba7 10. d5 Nb8 11. Bb5+ Bd7 12. Bxd7+ Nbxd7 13. Re1 g5 14. Nh2 Nf8 15.
Nd2 Ng6 16. Ndf1 Nf4 17. Ng3 Qd7 18. Be3 h5 19. Bxa7 Rxa7 20. Qc2 Rg8 21. Nf5
Ng6 22. c4 Ne7 23. Re3 Nxf5 24. exf5 Kf8 25. f3 Ra8 26. g4 h4 27. Raa3 Kg7 28.
Qe2 Rge8 29. Reb3 Kh6 30. Rxb7 Reb8 31. Rb5 c6 32. dxc6 Qxc6 33. Rc3 Rd8 34.
Qe3 Nd7 35. b3 Nc5 36. Nf1 f6 37. Nd2 Ra6 38. Ne4 Nxe4 39. fxe4 Kg7 40. Qd3 Kf7
41. Kf2 Ke7 42. Ke3 Rd7 43. Kd2 Raa7 44. Qe3 1/2-1/2

[Event "International Championship of Central S"]
[Site "Paracin"]
[Date "2014.07.08"]
[Round "5.30"]
[White "Peycheva, Gergana"]
[Black "Petrovic, Milan M"]
[Result "1-0"]
[WhiteElo "1672"]
[BlackElo "1953"]
[PlyCount "63"]
[EventDate "2014.07.04"]

1. e4 c6 2. d4 d5 3. exd5 cxd5 4. Bd3 Nc6 5. c3 Qc7 6. h3 g6 7. Nf3 Bg7 8. Be3
Nf6 9. Nbd2 Bf5 10. Bxf5 gxf5 11. Nb3 O-O 12. Rg1 Kh8 13. g4 f4 14. Bc1 e5 15.
dxe5 Nxe5 16. Nxe5 Qxe5+ 17. Qe2 Qd6 18. Kf1 Ne4 19. h4 Rae8 20. Qf3 Qe7 21.
Bxf4 Qxh4 22. Rh1 Qf6 23. Nd4 Qa6+ 24. Kg2 Bxd4 25. cxd4 Rg8 26. Rh6 Rg6 27.
Rah1 Rxh6 28. Rxh6 Re6 29. Be5+ Kg8 30. Rxh7 f6 31. Qf5 Kf8 32. Rh8+ 1-0